LEADER 01124nam a2200253 i 4500 001 000000161198 003 CaOOAMICUS 005 20070507000000.0 008 070507s1983 it u000 u ita u 013 $a138561 020 $a88-372-1201-2 040 $aSeMil$bita 100 1 $aMorghen, Raffaello,$d<1896-1983>.$0(OLS)http://semarc/name/16342 245 10$aPer un senso della storia :$bstorici e storiografia /$cRaffaello Morghen ; A cura di Gabriella Braga e Paolo Vian. 260 $aBrescia :$bMorcelliana,$cCopyr. 1983. 300 $a244 p. ;$c23 cm. 650 4$aRicerca storica.$0(OLS)http://semarc/subject/17519 700 1 $aVian, Paolo,$d<1957- >.$0(OLS)http://semarc/name/16694 700 1 $aBraga, Gabriella <1946-2009>.$0(OLS)http://semarc/name/42524 850 $aSeMil 852 $aSeMil$W1$xVenegono$y1$m3B III 81$j112631$B112631$CSeMilBibl$Z2$F122963 $81 996 $6020$a88-372-1201-2$9(OLS)http://semarc/number/77203 996 $6245$aPer un senso della storia :$bstorici e storiografia$9(OLS)http://semarc/title/144182 996 $6260$aBrescia :$bMorcelliana$9(OLS)http://semarc/publisher/29629 LEADER 01467nam a2200301 4500 001 000000331436 003 CaOOAMICUS 005 20181205124424.0 008 181128s2016 it 000 u ita r 020 $a978-88-11-74032-2$c1. Rist. 040 $aSeMil$bita 100 1 $aGrasso, Aldo,$d<1948- >.$0(OLS)http://semarc/name/8269 245 10$aChe cos'è la televisione :$bil piccolo schermo fra cultura e società : i generi, l'industria, il pubblico /$cAldo Grasso, Massimo Scaglioni ; in appendice saggi di Edmondo Berselli e Carlo Freccero. 250 $a2. ed 264 1$aMilano :$bGarzanti,$c2016. 300 $a554 p. ; $c21 cm 490 1 $aSaggi 650 4$aTelevisione - Italia.$0(OLS)http://semarc/subject/47930 700 1 $aScaglioni, Massimo.$0(OLS)http://semarc/name/87976 700 1 $aBerselli, Edmondo <1951-2010>.$0(OLS)http://semarc/name/52830 700 1 $aFreccero, Carlo ,$d<1947- >.$0(OLS)http://semarc/name/108582 830 0$aSaggi.$0(OLS)http://semarc/title/341 850 $aSeMil 852 $aSeMil$W1$xVenegono$y1$m3M VI 224$j211400$B224923$CSeMilBibl$Z2$F224923 $81 996 $6020$a978-88-11-74032-2$c1. Rist.$9(OLS)http://semarc/number/285721 996 $6245$aChe cos'è la televisione :$bil piccolo schermo fra cultura e società : i generi, l'industria, il pubblico$9(OLS)http://semarc/title/420144 996 $6264$aMilano :$bGarzanti$9(OLS)http://semarc/publisher/29852